Ombak senja (Record no. 86004)

MARC details
000 -LEADER
fixed length control field 00643nam a2200241 i 4500
001 - CONTROL NUMBER
control field C2-0279326
003 - CONTROL NUMBER IDENTIFIER
control field PPAK
005 - DATE AND TIME OF LATEST TRANSACTION
control field 20180728010605.0
008 - FIXED-LENGTH DATA ELEMENTS--GENERAL INFORMATION
fixed length control field 070424s2007 my |||| ||||| | may d
020 ## - INTERNATIONAL STANDARD BOOK NUMBER
International Standard Book Number 9833514235 ; 9789833514236
040 ## - CATALOGING SOURCE
Original cataloging agency PPAK
Language of cataloging eng
Transcribing agency PPAK
Description conventions rda
082 04 - DEWEY DECIMAL CLASSIFICATION NUMBER
Classification number 899.233
Edition number 23
090 00 - LOCALLY ASSIGNED LC-TYPE CALL NUMBER (OCLC); LOCAL CALL NUMBER (RLIN)
Classification number (OCLC) (R) ; Classification number, CALL (RLIN) (NR) 899.233
Feature heading AMI
Feature heading G
100 0# - MAIN ENTRY--PERSONAL NAME
Personal name Amir Husaini,
Relator term author
245 10 - TITLE STATEMENT
Title Ombak senja
264 #1 - PRODUCTION, PUBLICATION, DISTRIBUTION, MANUFACTURE, AND COPYRIGHT NOTICE
Place of production, publication, distribution, manufacture Kuala Lumpur :
Name of producer, publisher, distributor, manufacturer Tintarona Publications ,
Date of production, publication, distribution, manufacture, or copyright notice 2007
300 ## - PHYSICAL DESCRIPTION
Extent 337 pages ;
Dimensions 18 cm
336 ## - CONTENT TYPE
Source rdacontent
Content type term text
337 ## - MEDIA TYPE
Source rdamedia
Media type term unmediated
338 ## - CARRIER TYPE
Source rdacarrier
Carrier type term volume
650 10 - SUBJECT ADDED ENTRY--TOPICAL TERM
Topical term or geographic name entry element Malay fiction.
942 ## - ADDED ENTRY ELEMENTS (KOHA)
-- dc
Koha item type Book
Holdings
Withdrawn Not for loan Current library Shelving location Date acquired Full call number Barcode Date last seen Koha item type Total Checkouts
    Perpustakaan Awam Sungai Petani Pinjaman Dewasa 03/06/2007 899.233 AMI A01172943 09/05/2018 Book  
    Perpustakaan Baling Pinjaman Dewasa 03/06/2007 899.233 AMI A01172946 09/05/2018 Book  
    Perpustakaan Jitra Pinjaman Dewasa 03/06/2007 899.233 AMI A01172944 09/05/2018 Book  
    Perpustakaan Kulim Pinjaman Dewasa 03/06/2007 899.233 AMI A01172945 09/05/2018 Book  
    Perpustakaan Sik Pinjaman Dewasa 18/07/2007 899.233 AMI A01190974 09/05/2018 Book  
    PD36, Kg. Kuala Lanjut, Kota Star Pinjaman Dewasa 03/06/2007 899.233 AMI A01172950 09/05/2018 Book